000 00554nam a2200193 a 4500
003 OSt
005 20140310183627.0
008 040823s19uu xx 00 eng d
020 _a8171418023
050 _aLC 4704.5
_b.B171 2004
100 _aBala, Jampala Madhu
245 _aMethods of teaching exceptional children /
_cJampala Madhu Bala and Digumarti Bhaskara Rao
260 _aNew Delhi, India :
_bDiscovery,
_c2004.
300 _a319 p. :
_c19 cm.
521 _aEDU
650 _aSpecial education.
942 _cBK
_2lcc
_kFOR
999 _c25546
_d25546